The quantity surveying profession (Record no. 105566)

MARC details
000 -LEADER
fixed length control field 00747cam a2200193 4500
001 - CONTROL NUMBER
control field ##L134149
008 - FIXED-LENGTH DATA ELEMENTS--GENERAL INFORMATION
fixed length control field 060713n1946 000 0 eng u
035 ## - SYSTEM CONTROL NUMBER
System control number (Sirsi) u134149
041 0# - LANGUAGE CODE
Language code of text/sound track or separate title eng
050 04 - LIBRARY OF CONGRESS CALL NUMBER
Classification number 333.0062 $2 18
100 1# - MAIN ENTRY--PERSONAL NAME
Personal name Davson, Alan W.
245 04 - TITLE STATEMENT
Title The quantity surveying profession
Remainder of title evolution in war-time and present policy
260 ## - PUBLICATION, DISTRIBUTION, ETC.
Place of publication, distribution, etc. London
Name of publisher, distributor, etc. RICS
Date of publication, distribution, etc. 1946
300 ## - PHYSICAL DESCRIPTION
Extent 11p.
Dimensions 22cm.
520 ## - SUMMARY, ETC.
Summary, etc. Report of the discussion arising from the paper read by Mr A. W. Davson (member of Council and past Chairman of the Quantity Surveyors' Committee) at the Quantity Surveyors' Conference held on 20 June 1946.
690 ## - LOCAL SUBJECT ADDED ENTRY--TOPICAL TERM (OCLC, RLIN)
Topical term or geographic name as entry element Quantity surveying
9 (RLIN) 6263
710 2# - ADDED ENTRY--CORPORATE NAME
Corporate name or jurisdiction name as entry element Royal Institution of Chartered Surveyors
9 (RLIN) 4900
942 ## - ADDED ENTRY ELEMENTS (KOHA)
Suppress in OPAC 0
Holdings
Withdrawn status Lost status Source of classification or shelving scheme Damaged status Not for loan Home library Current library Shelving location Date acquired Total Checkouts Full call number Barcode Date last seen Copy number Price effective from Koha item type
    Other/Generic Classification Scheme     London London RICS Boxes 13/07/2006   1946 134149-1001 06/08/2019 1 06/08/2019 Archive